| 000 | 01264nam a22002897a 4500 | ||
|---|---|---|---|
| 001 | 3764 | ||
| 003 | FISKH | ||
| 005 | 20240502115257.0 | ||
| 008 | 240502b cb ||||| |||| 00| 0 eng d | ||
| 020 | _a9781597071789 | ||
| 040 |
_aFISKH _beng _cFISKH _dFISKH |
||
| 050 | _aPZ7.P48 | ||
| 082 | _a741.5 | ||
| 100 |
_aPetrucha, Stefan _eauthor |
||
| 245 |
_aHigh school musical mystery / _cStefan Petrucha |
||
| 260 |
_aNew York : _bSimon & Schuster Inc , _c2010 |
||
| 300 |
_a91 unnumbered pages : _bcolor illustrations ; _c20 cm . |
||
| 490 |
_a Nancy Drew: Girl Detective, Graphic Novels _vBook 20 |
||
| 505 | _aO | ||
| 520 | _a"Nancy and pals Bess and George meet Louise and Jean Dana on a trip to the town of Penfield, where they visit the Starhurst School for Girls. Once students hear that Nancy has arrived, a contest is developed to see who can solve a concocted mystery first. Their pals plant clues throughout the school, each one in the form of a song! See Nancy Drew and the Dana Girls compete for the title of Top Girl Detective!" | ||
| 521 | 8 |
_a600
_bLexile estimate |
|
| 521 | 8 |
_aO
_bRaz-Plus |
|
| 650 |
_amysteries _vchildren fiction |
||
| 700 |
_aKinney, Sarah _eillustrator |
||
| 942 |
_2ddc _cBK _n0 |
||
| 999 |
_c3764 _d3764 |
||